Mexico's Prehispanic Sculpture /
Obra que hace una breve caracterización de la escultura desarrollada por los diversos grupos mesoamericanos. Para presentar, luego, fotografías de obras particulares con una sucinta descripción de cada una de ellas
Guardado en:
| Autor principal: | |
|---|---|
| Otros autores: | |
| Formato: | Libro |
| Idioma: | Inglés |
| Temas: | |
| Etiquetas: |
Sin etiquetas, Sé el primero en etiquetar este registro!
|
MARC
| LEADER | 00000nam^a2200000^a^4500 | ||
|---|---|---|---|
| 001 | 000280179 | ||
| 005 | 20250521000000.0 | ||
| 008 | 080829 | ||
| 009 | 20260310111457.456 | ||
| 037 | |a Acervo ITESO - Biblioteca | ||
| 041 | |a ING | ||
| 082 | |a 730. 97201 |b FER | ||
| 100 | |a Fernández, Justino |e (autor) | ||
| 245 | 1 | 0 | |a Mexico's Prehispanic Sculpture / |c J. Fernández ; ed. de E. Fischgrund. |
| 264 | |a México : |b Editorial México : |b INAH, |c fecha no identificada | ||
| 300 | |a 36 p. | ||
| 336 | |a texto |b txt |2 rdacontenido | ||
| 337 | |a sin mediación |b n |2 rdamedio | ||
| 338 | |a volumen |b nc |2 rdasoporte | ||
| 520 | |a Obra que hace una breve caracterización de la escultura desarrollada por los diversos grupos mesoamericanos. Para presentar, luego, fotografías de obras particulares con una sucinta descripción de cada una de ellas | ||
| 649 | |a XX | ||
| 650 | |a Escultura Prehispánica - |x Historia y Crítica - |x Tema Principal | ||
| 650 | |a Escultura Mexicana - |x Historia y Crítica | ||
| 650 | |a Arte Prehispánico - |z México - |x Historia y Crítica | ||
| 650 | |a Arte Mexicano - |x Historia y Crítica | ||
| 650 | |a México - |x Historia - |y Epoca Prehispánica | ||
| 700 | |a Fischgrund, Eugenio |e (edición) | ||
| 910 | |a Fondo General | ||
| 920 | |a Impresos - Libros | ||
| 930 | |a Reserva Especial | ||
| 905 | |a 103 | ||
| 901 | |a 0500166731 |b IT1 |c REE |u 20250521 | ||
| 902 | |a https://opac.biblio.iteso.mx/vufind/Record/000280179 | ||